000 00835namaa2200217 i 4500
001 177194
003 ES-MaACL
005 20250720063057.0
008 110308s1952 sp b ||||1| spa d
080 _a014.3:05(464.14) Museo Universal
100 1 _aPáez, Elena,
_d1909-1998
_988227
245 1 3 _aEl Museo universal
_b: Madrid (1857-1869) /
_cElena Paez Ríos.
260 _aMadrid :
_bInstituto Miguel de Cervantes del CSIC,
_c1952.
300 _aXII, 637 p., 1 h. :
_blám. ;
_c25 cm.
490 1 _aColección de índices de publicaciones periódicas ;
_v14
630 0 4 _aEl Museo universal (Madrid)-
_vIndices.
_9145484
710 2 _aInstituto "Miguel de Cervantes"
_95133
830 0 _aColección de índices de publicaciones periódicas ;
_v14
_9184798
852 _aES-MaACL
_jL-13871
999 _c177194
_d177194